000 00691nam a2200217 i 4500
001 C2-0252432
003 PPAK
005 20180727215621.0
008 031111s2000 my |||| ||||| | may d
040 _aPPAK
_beng
_cPPAK
_erda
082 0 4 _a927.914309595
_223
090 0 0 _a927.914309595
_bMAJ
_dKK
245 0 0 _aMajlis pengkisahan sejarah Tan Sri pages Ramlee
264 1 _aKuala Lumpur :
_bArkib Negara Malaysia ,
_c2000
300 _a22 pages ;
_c21 cm
336 _2rdacontent
_atext
337 _2rdamedia
_aunmediated
338 _2rdacarrier
_avolume
650 1 0 _aP. Ramlee, 1929-1973 ; Motion picture actor - Malaysia - Biography ; Actor - Malaysia - Biography
942 _ddc
_cB
999 _c65460
_d65460